Zdaňovanie príjmov fyzických osôb z prenájmu
Vysvetlenie základných pojmov, ktoré používa zákon č. 286/1992 Zb. o daniach z príjmov. Vysvetlenie základných právnych vzťahov, ktoré v súvislosti s nájomným vznikajú. Objasnenie mechanizmu zdanenia príjmov fyzických osôb z prenájmu nehnuteľností a hnuteľných vecí. Situačné príklady.
Gespeichert in:
| 1. Verfasser: | |
|---|---|
| Format: | Buchkapitel |
| Sprache: | Slowakisch |
| Schlagworte: | |
| Tags: |
Keine Tags, Fügen Sie das erste Tag hinzu!
|
MARC
| LEADER | 00000naa a2200000 4500 | ||
|---|---|---|---|
| 001 | r030681 | ||
| 005 | 20230919081049.3 | ||
| 041 | 0 | |a slo | |
| 044 | |a SK | ||
| 245 | 1 | 0 | |a Zdaňovanie príjmov fyzických osôb z prenájmu |c Anna Černá |
| 520 | |a Vysvetlenie základných pojmov, ktoré používa zákon č. 286/1992 Zb. o daniach z príjmov. Vysvetlenie základných právnych vzťahov, ktoré v súvislosti s nájomným vznikajú. Objasnenie mechanizmu zdanenia príjmov fyzických osôb z prenájmu nehnuteľností a hnuteľných vecí. Situačné príklady. | ||
| 610 | 2 | 0 | |a zdaňovanie |
| 610 | 2 | 0 | |a osoby fyzické |
| 610 | 2 | 0 | |a vzťahy právne |
| 610 | 2 | 0 | |a prenájom |
| 610 | 2 | 0 | |a nehnuteľnosti |
| 610 | 2 | 0 | |a hnuteľnosti |
| 610 | 2 | 0 | |a odpisy daňové |
| 100 | 1 | |a Černá, Anna | |